| 000 | 00367nam a22001457a 4500 | ||
|---|---|---|---|
| 003 | SGT | ||
| 020 | _a9781437718119 | ||
| 082 |
_a617.6342 _bC10D |
||
| 100 | _a Frederic Barnett | ||
| 245 | _aContemporary Endodontics | ||
| 260 |
_aLondon, United Kingdom, Delhi _bDCNA Elsevier Health Sciences _c2010 |
||
| 300 | _a423-584 | ||
| 650 | _aEndodontics | ||
| 942 |
_2ddc _cBK |
||
| 999 |
_c18059 _d18059 |
||